Countries you can fly to from Moscow Sheremetyevo Airport (SVO) - Statistics

General Stats
  • This quiz has been taken 18 times
  • The average score is 28 of 30
Answers on the Map
Answers color-coded by a green-red scale on the quiz's map according to % correct below.
 
Answer Stats
Number of destinations Country % Correct
1 Afghanistan
100%
2 Azerbaijan
100%
4 Belarus
100%
16 China
100%
2 Georgia
100%
2 India
100%
1 Indonesia
100%
1 Iran
100%
6 Kazakhstan
100%
2 Kyrgyzstan
100%
1 Qatar
100%
2 Saudi Arabia
100%
1 Serbia
100%
1 Tajikistan
100%
4 Turkey
100%
3 United Arab Emirates
100%
3 Uzbekistan
100%
3 Vietnam
100%
1 Algeria
93%
1 Armenia
93%
1 Bahrain
93%
3 Egypt
93%
1 Oman
93%
1 Sri Lanka
93%
1 Maldives
86%
1 Morocco
86%
1 North Korea
86%
58 Russia
86%
2 Thailand
86%
1 Seychelles
57%
No matching quizzes found
Score Distribution
Percent of People with Each Score
Percentile by Number Answered
Your Score History
You have not taken this quiz